| 000 -LEADER |
| fixed length control field |
00459pab a2200169 454500 |
| 008 - FIXED-LENGTH DATA ELEMENTS--GENERAL INFORMATION |
| fixed length control field |
180718b1995 xxu||||| |||| 00| 0 eng d |
| 100 ## - MAIN ENTRY--PERSONAL NAME |
| Personal name |
Schuler, Sidney Ruth |
| 245 ## - TITLE STATEMENT |
| Title |
Family planning outreach and credit programs in rural Bangladesh |
| 260 ## - PUBLICATION, DISTRIBUTION, ETC. |
| Date of publication, distribution, etc. |
1995 |
| 300 ## - PHYSICAL DESCRIPTION |
| Extent |
p.455-61 |
| 362 ## - DATES OF PUBLICATION AND/OR SEQUENTIAL DESIGNATION |
| Dates of publication and/or sequential designation |
Winter |
| 650 ## - SUBJECT ADDED ENTRY--TOPICAL TERM |
| Topical term or geographic name entry element |
Birth control - Bangladesh |
| 650 ## - SUBJECT ADDED ENTRY--TOPICAL TERM |
| Topical term or geographic name entry element |
Family planning |
| 700 ## - ADDED ENTRY--PERSONAL NAME |
| Personal name |
Hashemi, Syed M. |
| 773 ## - HOST ITEM ENTRY |
| Main entry heading |
Human Organization |
| 909 ## - |
| -- |
30133 |